| 000 | 00695cam a22002053a 4500 | ||
|---|---|---|---|
| 001 | 44415 | ||
| 003 | PGUSA | ||
| 005 | 20140828084020.0 | ||
| 008 | 131212s2013||||xxu|||||s|||||000 | eng d | ||
| 040 |
_aPGUSA _beng |
||
| 042 | _adc | ||
| 100 | 1 | _aHuntington, George. S. | |
| 245 | 1 | 0 |
_aRobber and hero; the story of the raid on the First National Bank of : _bNorthfield, Minnesota, by the James-Younger band of robbers, in 1876. _h[electronic resource] / _cGeorge. S. Huntington |
| 260 |
_bProject Gutenberg, _c2013 |
||
| 506 | _aPublic domain in the USA. | ||
| 516 | _aElectronic text | ||
| 830 | 0 |
_aProject Gutenberg _v44415 |
|
| 856 | 4 | 0 | _uhttp://www.gutenberg.org/ebooks/44415 |
| 942 | _cEB | ||
| 999 |
_c273666 _d273666 |
||